Human devolopment education / (Record no. 12211)
[ view plain ]
| 000 -LEADER | |
|---|---|
| fixed length control field | 00286cam a2200121ua 4500 |
| 100 ## - MAIN ENTRY--AUTHOR NAME | |
| Personal name | Havihurest, Robert . |
| 245 ## - TITLE STATEMENT | |
| Title | Human devolopment education / |
| 260 ## - PUBLICATION, DISTRIBUTION, ETC. (IMPRINT) | |
| Place of publication | : |
| Name of publisher | Longman , |
| Year of publication | 1963. |
| 300 ## - PHYSICAL DESCRIPTION | |
| Number of Pages | ; . |
| 942 ## - ADDED ENTRY ELEMENTS (KOHA) | |
| Koha item type | Books |
| Withdrawn status | Lost status | Damaged status | Home library | Current library | Date acquired | Accession Number | Koha item type |
|---|---|---|---|---|---|---|---|
| Withdrawn | KAUAET | Sanskrit University | 07/04/2012 | 663 | Books |
